Real Names of Musicians - Statistics

General Stats
  • This quiz has been taken 35 times
  • The average score is 15 of 28
Answer Stats
Hint Answer % Correct
Robert Allen Zimmerman Bob Dylan
93%
Reginald Kenneth Dwight Elton John
93%
Farookh Bulsara Freddie Mercury
93%
Richard Starkey Ringo Starr
93%
Gordon Matthew Thomas Summer Sting
80%
David Robert Jones David Bowie
73%
Steven Victor Tallarico Steven Tyler
70%
John Joesph Lydon Johnny Rotten
63%
Paul David Hewson Bono
60%
Marvin Lee Aday Meatloaf
60%
Saul Hudson Slash
60%
Dino Paul Crocetti Dean Martin
57%
Declan Patrick McManus Elvis Costello
57%
Chaim Witz Gene Simmons
53%
Vincent Damon Furnier Alice Cooper
50%
Richard Wayne Penniman Little Richard
50%
Stevland Hardaway Morris Judkins Stevie Wonder
47%
Edward Louis Severson III Eddie Vedder
43%
Stanley Bert Eisen Paul Stanley
43%
James Newell Osterburg Jr Iggy Pop
40%
David Howell Evans The Edge
40%
Joseph Anthony Pereira Joe Perry
37%
Henry John Deutschendorf Jr John Denver
37%
Simon John Ritchie Sid Vicious
37%
William Micheal Albert Broad Billy Idol
33%
Jiles Perry Richardson Jr The Big Bopper
33%
Hugh Anthony Cregg III Huey Lewis
27%
Steven Demetre Georgiou Cat Stevens
23%
No matching quizzes found
Score Distribution
Percent of People with Each Score
Percentile by Number Answered
Your Score History
You have not taken this quiz